000 00408nam a22001697a 4500
003 MPLRDC
005 20220104124314.0
008 210129b ||||| |||| 00| 0 eng d
020 _a962-17-0230-5
082 _a830.8 BY v.53
100 _a李英豪著
245 _a禅与香港生活
_c
260 _a
_b博益出版集团有限公司
_c1987
300 _b
650 _a
942 _cBK
_o830.8 BY v.53
999 _c18280
_d18270